000 00440nam a22001817a 4500
003 MPLRDC
005 20220104165641.0
008 210129b ||||| |||| 00| 0 eng d
020 _a978-1-55704-825-7
082 _a494.1 WYL
100 _aSAM WYLY
245 _a1,000 DALLARS AND AN IDEA
_c
250 _a1ST ED.
260 _aU.S.A.
_bNEWMARKET PRESS
_c2008
300 _b261
650 _aENTREPRENEURSHIP
942 _cBK
_o494.1 WYL
999 _c57550
_d57540